000 00933nam a2200241 i 4500
001 169066
003 ES-MaACL
005 20250812062533.0
008 080806s1954 sp f |||| | spa d
080 _a94(460)"1788/1808"
100 1 _aCorona Baratech, Carlos E.
_9172245
245 1 4 _aLas ideas políticas en el reinado de Carlos IV /
_cCarlos Corona Baratech.
260 _aMadrid :
_bAteneo,
_c1954.
300 _a56 p. :
_b1 lám. ;
_c19 cm.
490 1 _aColección "O crece o muere" ;
_v58
500 _aEl original de este cuaderno fué dado a conocer por el autor en la campaña de colaboración cultural entre los Ateneos de España.
610 2 7 _aAteneo de Madrid-
_vConferencias-
_y1940-1982.
_91908
651 4 _aEspaña-
_xHistoria-
_y1788-1808, Carlos IV.
_98242
830 0 0 _aColección "O crece o muere"
_v58
_9183476
852 _aES-MaACL
_jJ-24(58)
852 _aES-MaACL
_jJ-25(58)
999 _c169066
_d169066